Día mundial de la libertad 1987: foro sobre la situación actual en el continente chino
Salvato in:
| Natura: | Libro |
|---|---|
| Lingua: | spagnolo |
| Pubblicazione: |
Beijing
Liga Mundial Anticomunista
1987
|
| Soggetti: | |
| Tags: |
Aggiungi Tag
Nessun Tag, puoi essere il primo ad aggiungerne!!
|
MARC
| LEADER | 00000nam a2200000 a 4500 | ||
|---|---|---|---|
| 001 | UCX0698 | ||
| 003 | CL-VaPUC | ||
| 008 | 900111e19870000CH |||||||||||||||||spa|d | ||
| 082 | 0 | 4 | |a 323 |b DIA |2 21 |
| 245 | 1 | 0 | |a Día mundial de la libertad 1987: foro sobre la situación actual en el continente chino |
| 300 | |a 39 p | ||
| 942 | |c BK | ||
| 945 | |d 19900111 00:00:00 | ||
| 260 | |a Beijing |b Liga Mundial Anticomunista |c 1987 | ||
| 650 | 7 | |a POLITICA Y GOBIERNO SIGLO 20 |2 CL-VaPUC |9 314300 | |
| 651 | 0 | |a China |9 257545 | |
| 583 | |a last modification |c 20120703 11:25:35 |k Rodrigo Vera | ||
| 999 | |c 222216 |d 222214 | ||
| 952 | |0 0 |1 0 |4 0 |6 323_000000000000000_DIA_1987 |7 0 |8 A |9 216622 |a BIBHIS |b BIBHIS |d 2019-11-15 |i 2852632 |o 323 DIA 1987 |p 2852632 |r 2025-01-20 |w 2019-11-15 |y BK |k HIS | ||